| 000 -LEADER |
| fixed length control field |
00489cam a2200193 a 4500 |
| 020 ## - INTERNATIONAL STANDARD BOOK NUMBER |
| ISBN |
0804820627 |
| 020 ## - INTERNATIONAL STANDARD BOOK NUMBER |
| ISBN |
0804820988 |
| 040 ## - CATALOGING SOURCE |
| Transcribing agency |
DLC |
| 041 1# - LANGUAGE CODE |
| Language code of original and/or intermediate translations of text |
jpn |
| 082 ## - DEWEY DECIMAL CLASSIFICATION NUMBER |
| Classification number |
895 CHA 1996 A096 Or. |
| 100 1# - MAIN ENTRY--AUTHOR NAME |
| Personal name |
Umehara, Takeshi, |
| 245 10 - TITLE STATEMENT |
| Title |
Lotus and other tales of medieval Japan / |
| 250 ## - EDITION STATEMENT |
| Edition statement |
1st ed |
| 260 ## - PUBLICATION, DISTRIBUTION, ETC. (IMPRINT) |
| Place of publication |
Rutland, Vt. : |
| Name of publisher |
Charles E. Tuttle, |
| Year of publication |
1996 |
| 300 ## - PHYSICAL DESCRIPTION |
| Number of Pages |
199 p. : |
| Other physical details |
ill. ; |
| Dimensions |
19 cm |
| 650 #0 - SUBJECT ADDED ENTRY--TOPICAL TERM |
| Topical Term |
Short stories, Japanese |
| 700 1# - ADDED ENTRY--PERSONAL NAME |
| Personal name |
McCarthy, Paul |
| 942 ## - ADDED ENTRY ELEMENTS (KOHA) |
| Koha item type |
សៀវភៅភាសាអង់គ្លេស |
| 952 ## - LOCATION AND ITEM INFORMATION (KOHA) |
| Withdrawn status [LOCAL, KOHA] |
0 |
| 952 ## - LOCATION AND ITEM INFORMATION (KOHA) |
| Withdrawn status [LOCAL, KOHA] |
0 |
| 952 ## - LOCATION AND ITEM INFORMATION (KOHA) |
| Withdrawn status [LOCAL, KOHA] |
0 |
| 952 ## - LOCATION AND ITEM INFORMATION (KOHA) |
| Withdrawn status [LOCAL, KOHA] |
0 |